00838nam a2200229 i 4500001000700000003000700007005001700014008004100031020001800072080001600090100003400106245014100140250001200281260006700293300003300360504003400393650005900427700003900486700003400525710002700559852002200586187014SpMaBN20251009195351.0170329s1994 sp c |||| | spa d a84-7719-403-3 a576.89(460)1 aCordero del Campillo, Miguel.10aÍndice-catálogo de zooparásitos ibéricos / cMiguel Cordero del Campillo, Luciano Castañón Ordóñez, Antonio Reguera Feo. a2ª ed. aLeón : bUniversidad, Secretariado de Publicaciones, c1994. a650 p. : b1 mapa ; c24 cm. aReferencias bibliográficas. 7aParásitos-zPenínsula Ibérica-xClasificación.1 aCastañón Ordóñez, Luciano.1 aReguera Feo, Antonio, d1954-2 aUniversidad de León. aES-MaACLjL-31333